| 000 | 01419nam0a2200301 4500 | ||
|---|---|---|---|
| 001 | RU\NLR\bibl\908887 | ||
| 005 | 20260405193108.0 | ||
| 021 |
_aRU _b2005-88538 _94376 |
||
| 035 | _a(NLR Aleph) 000897246 | ||
| 090 |
_a1755292 _c1755292 |
||
| 100 | _a20060220d2005 |||y0rusy50 ca | ||
| 101 | 0 | _arus | |
| 102 | _aRU | ||
| 105 | _aa ||||||||| | ||
| 200 | 1 |
_aСпециальные грузоподъемные машины _iЛебедки _eучебное пособие _fД.Е. Бортяков, А.Н. Орлов _gФедер. агентство по образованию, С.-Петерб. гос. политехн. ун-т |
|
| 210 |
_aСанкт-Петербург _cИзд-во Политехнического университета _d2005 |
||
| 215 |
_a62 с. _cил. _d20 |
||
| 320 | _aБиблиогр.: с. 60 (12 назв.) | ||
| 606 | 1 |
_aЛебедки _jУчебные издания для высших учебных заведений _9890729 _3RU\NLR\auth\661777 |
|
| 686 | _aО921.4я73-1 | ||
| 700 | 1 |
_aБортяков _bД. Е. _gДанил Евгеньевич _4070 |
|
| 701 | 1 |
_4070 _8rus _7ca _aОрлов _bА. Н. _cд-р техн. наук _f1945- _gАлексей Николаевич _3RU\NLR\auth\7784944 _967872 |
|
| 801 | 0 |
_aRU _bNLR _c20060220 _grcr |
|
| 801 | 1 |
_aRU _bNLR _c20060220 |
|
| 830 | _aавт. по кн. | ||
| 942 | _cBOOK | ||
| 980 | _aNB | ||